|
|
|
|
| LEADER |
01769ncm a2200409 a 4500 |
| 001 |
000862762 |
| 003 |
CZ BrMZK |
| 005 |
20100813102921.0 |
| 007 |
qu |
| 008 |
070821s1810 gw zzeg d |
| 028 |
2 |
0 |
|a 19
|b Breitkopf & Härtel
|
| 031 |
|
|
|a 01
|b 01
|c 01
|d Allegro con brio
|m vl
|g G-2
|n bBE
|o 3/4
|p {'6AB}{''C'B''D'B}/'2F{6AB''C'B}/{''xCDED}{nEFGF}{AB'''C''B}/
|r B|b
|2 pe
|
| 040 |
|
|
|a BOA001
|b cze
|
| 048 |
|
|
|a sa01
|a sb01
|
| 072 |
|
7 |
|a 787
|x Hudba pro strunné a smyčcové nástroje
|2 Konspekt
|9 9
|
| 080 |
|
|
|a 785.72
|2 MRF
|
| 080 |
|
|
|a 78.087
|2 MRF
|
| 080 |
|
|
|a (0.068)78
|2 MRF
|
| 080 |
|
|
|a 787.1
|2 MRF
|
| 080 |
|
|
|a 787.2
|2 MRF
|
| 100 |
1 |
|
|a Rolla, Alessandro,
|d 1757-1841
|7 jn20000604684
|4 cmp
|
| 245 |
1 |
0 |
|a Duetto per violino e viola, Op. 13
|h [hudebnina] :
|b dedicato a S. C. il Signor Conte Angelo Bianchi Ciambellano di S. M. C. Arciduchessa Maria Luigia d' Austria Duchessa di Parma, Piacenza, Guastalla &. /
|c composto da Alesso. Rolla
|
| 260 |
|
|
|a Lipsia :
|b presso Breitkopf et Härtel,
|c [1820?]
|
| 300 |
|
|
|a 2 hlasy (8, 5 s.) ;
|c 33 cm
|
| 500 |
|
|
|a Tisk vtlačenou plotnou, č. 19
|
| 561 |
|
|
|a Provenience: (etiketa) Carl Winiker's Musikalien-Leih-Anstalt Nro. 1036
|
| 650 |
0 |
7 |
|a dua (housle, viola)
|7 ph452635
|2 czenas
|
| 655 |
|
7 |
|a hlasy
|7 fd186703
|2 czenas
|
| 655 |
|
7 |
|a hudební staré tisky
|7 fd278470
|2 czenas
|
| 856 |
4 |
1 |
|u http://audioserver.mzk.cz/incipity/png/000862762_01_01_01.png
|y Zobrazení hudebního incipitu
|
| 910 |
|
|
|a BOA001
|b STMus4-0349.944
|
| 978 |
|
|
|a Breitkopf & Härtel
|c Leipzig
|f 1810
|
| 984 |
|
|
|a Lipsko
|b Německo
|
| 990 |
|
|
|a MU
|
| 993 |
|
|
|a Y
|
| 991 |
|
|
|b 200708
|
| 996 |
6 |
|
|b 2619284568
|c STMus4-0349.944
|l Stud. starých tisků/4.patro
|r Sklad / do násl. otevíracího dne
|n 0
|w 000862762
|u 000010
|a 1
|e BOA001
|j MZK50
|s P
|